[Event "Kitchener Winter op"]
[Site "Kitchener CAN"]
[Date "2013.03.09"]
[Round "2"]
[White "Miletic, Damir"]
[Black "Song, Michael"]
[Result "0-1"]
[WhiteElo "2087"]
[BlackElo "2368"]
[PlyCount "56"]
[GameId "2160767909373137"]
[EventDate "2013.03.09"]
[EventType "swiss"]
[EventRounds "5"]
[EventCountry "CAN"]
[SourceTitle "EXT 2015"]
[Source "ChessBase"]
[SourceDate "2014.11.20"]
[SourceVersion "1"]
[SourceVersionDate "2014.11.20"]
[SourceQuality "1"]

1. d4 Nf6 2. Nf3 g6 3. g3 Bg7 4. Bg2 O-O 5. O-O d6 6. b3 Nc6 7. Bb2 Nd7 8. Nbd2 e5 9. dxe5 dxe5 10. Nc4 Re8 11. Nh4 Bf6 12. f4 e4 13. Bxf6 Qxf6 14. Ne3 Nb6 15. Qe1 a5 16. Rd1 Qe7 17. g4 Qc5 18. Qf2 f6 19. Bh3 Nb4 20. c4 Nxa2 21. Kh1 a4 22. Nhf5 gxf5 23. Qh4 Qe7 24. g5 fxg5 25. Rg1 g4 26. Qh5 Qf7 27. Bxg4 fxg4 28. Qh6 Kh8 0-1

[Event "Kitchener Winter op"]
[Site "Kitchener CAN"]
[Date "2013.03.09"]
[Round "2"]
[White "Peng, Jackie"]
[Black "Kalra, Agastya"]
[Result "1-0"]
[WhiteElo "2205"]
[BlackElo "2081"]
[PlyCount "44"]
[GameId "2160767909373138"]
[EventDate "2013.03.09"]
[EventType "swiss"]
[EventRounds "5"]
[EventCountry "CAN"]
[SourceTitle "EXT 2015"]
[Source "ChessBase"]
[SourceDate "2014.11.20"]
[SourceVersion "1"]
[SourceVersionDate "2014.11.20"]
[SourceQuality "1"]

1. e4 c5 2. Nf3 d6 3. d4 cxd4 4. Nxd4 Nf6 5. Nc3 g6 6. Be3 Bg7 7. f3 O-O 8. Qd2 Nc6 9. Bc4 Bd7 10. O-O Rb8 11. Bb3 Na5 12. Bc4 Be6 13. Nc6 Qc7 14. Nxb8 Rxb8 15. Bd4 d5 16. exd5 Nxd5 17. Bxg7 Kxg7 18. h4 Nb4 19. h5 Rd8 20. h6+ Kf6 21. Bd5 g5 22. Qe2 Qe5 1-0

[Event "Kitchener Winter op"]
[Site "Kitchener CAN"]
[Date "2013.03.09"]
[Round "2"]
[White "Sambuev, Bator"]
[Black "Semianiuk, Konstantin"]
[Result "1-0"]
[WhiteElo "2696"]
[BlackElo "2283"]
[PlyCount "41"]
[GameId "2160767909373140"]
[EventDate "2013.03.09"]
[EventType "swiss"]
[EventRounds "5"]
[EventCountry "CAN"]
[SourceTitle "EXT 2015"]
[Source "ChessBase"]
[SourceDate "2014.11.20"]
[SourceVersion "1"]
[SourceVersionDate "2014.11.20"]
[SourceQuality "1"]

1. d4 d5 2. Nf3 Nf6 3. e3 c6 4. c4 e6 5. Nbd2 Nbd7 6. Bd3 Bd6 7. O-O Qe7 8. e4 dxe4 9. Nxe4 Nxe4 10. Bxe4 Nf6 11. Bc2 h6 12. Re1 Bd7 13. Ne5 O-O 14. Bf4 g5 15. Bg3 Be8 16. Qf3 h5 17. c5 Bc7 18. Nc4 g4 19. Qa3 Bxg3 20. hxg3 h4 21. Nd6 1-0

[Event "Kitchener Winter op"]
[Site "Kitchener CAN"]
[Date "2013.03.09"]
[Round "2"]
[White "Zybura, Andre"]
[Black "Sundar, Avinaash"]
[Result "0-1"]
[WhiteElo "2048"]
[BlackElo "2128"]
[PlyCount "70"]
[GameId "2160767909373141"]
[EventDate "2013.03.09"]
[EventType "swiss"]
[EventRounds "5"]
[EventCountry "CAN"]

1. e4 c5 2. d4 cxd4 3. c3 d3 4. c4 Nc6 5. Nc3 g6 6. Bxd3 Bg7 7. Nf3 d6 8. h3 Nf6 9. Be3 O-O 10. Rc1 Qa5 11. O-O Nd7 12. Qd2 Nc5 13. Bb1 Be6 14. b3 a6 15. Bh6 b5 16. Bxg7 Kxg7 17. cxb5 axb5 18. Nd5 Qxd2 19. Nxd2 Bxd5 20. exd5 Nb4 21. Ne4 Nxa2 22. Bxa2 Nxe4 23. Bb1 Nd2 24. Rfe1 Nxb3 25. Rc7 Rfe8 26. Bd3 Rab8 27. Rb1 Nc5 28. Bxb5 Kf6 29. Kh2 Red8 30. f4 Rb6 31. Bd3 Rxb1 32. Bxb1 Rb8 33. Bc2 Rb4 34. Kg3 Rd4 35. Kf3 Rd2 0-1

[Event "Kitchener Winter op"]
[Site "Kitchener CAN"]
[Date "2013.03.09"]
[Round "3"]
[White "Cheng, Bindi"]
[Black "Knox, Christopher"]
[Result "1-0"]
[WhiteElo "2517"]
[BlackElo "2287"]
[PlyCount "107"]
[GameId "2160767909381334"]
[EventDate "2013.03.09"]
[EventType "swiss"]
[EventRounds "5"]
[EventCountry "CAN"]
[SourceTitle "EXT 2015"]
[Source "ChessBase"]
[SourceDate "2014.11.20"]
[SourceVersion "1"]
[SourceVersionDate "2014.11.20"]
[SourceQuality "1"]

1. d4 Nf6 2. Bg5 e6 3. e4 h6 4. Bxf6 Qxf6 5. c3 d5 6. Nd2 Qd8 7. Ngf3 Be7 8. Bd3 dxe4 9. Bxe4 Nd7 10. Qe2 Nf6 11. Bxb7 Rb8 12. Bxc8 Qxc8 13. Nb3 O-O 14. O-O c5 15. dxc5 Bxc5 16. Nxc5 Qxc5 17. Rfc1 Nd5 18. Ne5 Rbd8 19. Re1 Nf4 20. Qc4 Qxc4 21. Nxc4 Rc8 22. Na5 Nd3 23. Re2 e5 24. Rd1 Rfd8 25. Red2 e4 26. f3 f5 27. fxe4 fxe4 28. Re2 Nc5 29. Rxd8+ Rxd8 30. Kf2 Rd1 31. Nb3 Nd3+ 32. Ke3 Re1 33. Rxe1 Nxe1 34. g3 Nd3 35. Kxe4 Nxb2 36. Kd5 Nd1 37. c4 Nc3+ 38. Kd6 Nxa2 39. c5 Kf7 40. c6 Nc3 41. Nd4 Na4 42. c7 Nb6 43. Nb5 Nc8+ 44. Kd7 Ne7 45. Nxa7 Nd5 46. c8=Q Nb6+ 47. Kd6 Nxc8+ 48. Nxc8 Kf6 49. Ne7 Kg5 50. Ke5 Kg4 51. Nf5 Kh3 52. Nxg7 Kxh2 53. Kf4 Kh3 54. g4 1-0

[Event "Kitchener Winter op"]
[Site "Kitchener CAN"]
[Date "2013.03.09"]
[Round "3"]
[White "Kalra, Agastya"]
[Black "Zybura, Andre"]
[Result "0-1"]
[WhiteElo "2323"]
[BlackElo "2048"]
[PlyCount "33"]
[GameId "2160767909381337"]
[EventDate "2013.03.09"]
[EventType "swiss"]
[EventRounds "5"]
[EventCountry "CAN"]
[SourceTitle "EXT 2015"]
[Source "ChessBase"]
[SourceDate "2014.11.20"]
[SourceVersion "1"]
[SourceVersionDate "2014.11.20"]
[SourceQuality "1"]

1. e4 e5 2. Nf3 Nf6 3. Nxe5 Nxe4 4. Qe2 Qe7 5. Qxe4 d6 6. d4 dxe5 7. Qxe5 Qxe5+ 8. dxe5 Bf5 9. Bb5+ c6 10. Ba4 Nd7 11. O-O Nxe5 12. Bb3 b6 13. a4 Bd6 14. a5 Ng4 15. h3 Ne3 16. fxe3 Bg6 17. Bxf7+ 0-1

[Event "Kitchener Winter op"]
[Site "Kitchener CAN"]
[Date "2013.03.09"]
[Round "3"]
[White "McTavish, Dale"]
[Black "Cormier, Adam"]
[Result "0-1"]
[WhiteElo "2154"]
[BlackElo "2250"]
[PlyCount "77"]
[GameId "2160767909381338"]
[EventDate "2013.03.09"]
[EventType "swiss"]
[EventRounds "5"]
[EventCountry "CAN"]
[SourceTitle "EXT 2015"]
[Source "ChessBase"]
[SourceDate "2014.11.20"]
[SourceVersion "1"]
[SourceVersionDate "2014.11.20"]
[SourceQuality "1"]

1. d4 d5 2. c4 e6 3. Nc3 c6 4. Nf3 dxc4 5. g3 b5 6. Bg2 Bb7 7. O-O Nf6 8. e4 Be7 9. a3 a6 10. Qc2 Nbd7 11. Bf4 Qb6 12. Rad1 O-O 13. Rfe1 Rfe8 14. Bh3 Rad8 15. Ng5 Nf8 16. e5 Nd5 17. Bc1 c5 18. dxc5 Qxc5 19. Nce4 Qc7 20. Nd6 Bxd6 21. exd6 Qxd6 22. Bg2 Qc7 23. b3 Nb6 24. Bf4 Qe7 25. Ne4 cxb3 26. Qxb3 Rxd1 27. Rxd1 Bd5 28. Qb4 Qxb4 29. axb4 Ra8 30. Bc7 Nc4 31. Nc5 Bxg2 32. Kxg2 e5 33. Kf3 Rc8 34. Nxa6 Ne6 35. Ba5 Nd4+ 36. Ke4 f5+ 37. Kd5 Nxa5 38. bxa5 Rd8+ 39. Kc5 0-1

[Event "Kitchener Winter op"]
[Site "Kitchener CAN"]
[Date "2013.03.09"]
[Round "3"]
[White "Peredun, Andrew"]
[Black "Sambuev, Bator"]
[Result "0-1"]
[WhiteElo "2323"]
[BlackElo "2696"]
[PlyCount "80"]
[GameId "2160767909381339"]
[EventDate "2013.03.09"]
[EventType "swiss"]
[EventRounds "5"]
[EventCountry "CAN"]
[SourceTitle "EXT 2015"]
[Source "ChessBase"]
[SourceDate "2014.11.20"]
[SourceVersion "1"]
[SourceVersionDate "2014.11.20"]
[SourceQuality "1"]

1. e4 e6 2. d4 d5 3. Nd2 c5 4. Ngf3 Nf6 5. e5 Nfd7 6. c3 Nc6 7. Bd3 g5 8. O-O h5 9. dxc5 g4 10. Nd4 Ncxe5 11. Bb5 a6 12. Ba4 Bxc5 13. Kh1 Qc7 14. Qe2 b5 15. Bb3 Bb7 16. a4 b4 17. f4 Bxd4 18. cxd4 Nc6 19. Bxd5 Nxd4 20. Qd3 Nf5 21. Bxb7 Qxb7 22. Ne4 Qd5 23. Rd1 Qxd3 24. Rxd3 Ke7 25. Bd2 a5 26. Be1 Rhc8 27. Bf2 Rc4 28. Rad1 Rxe4 29. Rxd7+ Kf6 30. g3 Rc8 31. R1d2 b3 32. Bb6 Rxa4 33. Bc7 Kg6 34. Kg2 Ra1 35. Kf2 a4 36. Be5 Rh1 37. Kg2 Ne3+ 38. Kf2 Nc4 39. Kg2 Nxd2 40. Kxh1 Rc2 0-1

[Event "Kitchener Winter op"]
[Site "Kitchener CAN"]
[Date "2013.03.09"]
[Round "3"]
[White "Semianiuk, Konstantin"]
[Black "Ferreira, Alex"]
[Result "1/2-1/2"]
[WhiteElo "2283"]
[BlackElo "2178"]
[PlyCount "120"]
[GameId "2160767909381340"]
[EventDate "2013.03.09"]
[EventType "swiss"]
[EventRounds "5"]
[EventCountry "CAN"]
[SourceTitle "EXT 2015"]
[Source "ChessBase"]
[SourceDate "2014.11.20"]
[SourceVersion "1"]
[SourceVersionDate "2014.11.20"]
[SourceQuality "1"]

1. e4 e5 2. Nf3 Nc6 3. d4 exd4 4. Nxd4 Nf6 5. Nc3 Bb4 6. Nxc6 bxc6 7. Bd3 d5 8. exd5 cxd5 9. O-O O-O 10. Bg5 c6 11. Qf3 Be7 12. Rae1 Rb8 13. Nd1 Bg4 14. Qe3 Rb7 15. b3 Be6 16. c3 h6 17. Bf4 Bd6 18. Bb1 Re8 19. Bxd6 Qxd6 20. Qd3 Rbe7 21. Ne3 g6 22. Qd4 Bc8 23. Nc4 Qd8 24. Ne5 Qd6 25. f4 c5 26. Qd2 Ng4 27. Nxg4 Bxg4 28. Rxe7 Rxe7 29. f5 Bxf5 30. Bxf5 gxf5 31. Rxf5 Re5 32. Rf4 Re1+ 33. Kf2 Re6 34. g3 Qe5 35. b4 cxb4 36. Rxb4 Rf6+ 37. Kg2 Re6 38. Rf4 Qe2+ 39. Qxe2 Rxe2+ 40. Rf2 Re4 41. Rd2 Rc4 42. Rxd5 Rxc3 43. Ra5 Rc7 44. Ra6 Kg7 45. a3 f6 46. a4 Kg6 47. Kf3 h5 48. Re6 a5 49. Re4 Kf5 50. Rf4+ Kg5 51. Rd4 Rc5 52. Ke3 Kf5 53. Rh4 Kg5 54. Kd4 Re5 55. Kd3 Rd5+ 56. Kc4 Rd2 57. Kb5 Rd5+ 58. Kb6 Kg6 59. Rc4 Rd2 60. h4 Rd5 1/2-1/2

[Event "Kitchener Winter op"]
[Site "Kitchener CAN"]
[Date "2013.03.09"]
[Round "3"]
[White "Sundar, Avinaash"]
[Black "Peng, Jackie"]
[Result "0-1"]
[WhiteElo "2128"]
[BlackElo "2205"]
[PlyCount "110"]
[GameId "2160767909381342"]
[EventDate "2013.03.09"]
[EventType "swiss"]
[EventRounds "5"]
[EventCountry "CAN"]

1. Nf3 d6 2. g3 Nf6 3. Bg2 g6 4. c4 Bg7 5. Nc3 O-O 6. O-O c6 7. e4 e5 8. d3 Nbd7 9. b4 Re8 10. b5 Nc5 11. Rb1 Ne6 12. bxc6 bxc6 13. Ba3 Qc7 14. Qa4 Bd7 15. Rfc1 Nd4 16. Nxd4 exd4 17. Ne2 c5 18. Qa6 Rab8 19. Re1 Bh6 20. Rxb8 Rxb8 21. e5 Rb6 22. exd6 Rxa6 23. dxc7 Rxa3 24. Bc6 Bf5 25. g4 Bxg4 26. Bf3 Ne8 27. Bxg4 Nxc7 28. Ng3 Rxd3 29. Re7 Ne6 30. Bxe6 fxe6 31. Ne4 Rc3 32. Rxa7 Rxc4 33. Ra8+ Bf8 34. Ng5 Rc1+ 35. Kg2 Re1 36. Re8 d3 37. Nf3 c4 38. Rd8 Rd1 39. Ne5 c3 40. Nxd3 c2 41. Rc8 Rxd3 42. Rxc2 Kf7 43. h3 Kf6 44. Rc4 Bd6 45. Rc2 e5 46. Rb2 Kg5 47. Rb7 h5 48. Rb2 Bc5 49. Rc2 Bd4 50. Re2 Ra3 51. Kh2 Kf4 52. Kg2 g5 53. Rc2 Ra4 54. Rc8 Rxa2 55. Rf8+ Ke4 0-1

[Event "Kitchener Winter op"]
[Site "Kitchener CAN"]
[Date "2013.03.10"]
[Round "4"]
[White "Bao, Tony Bohan"]
[Black "Sundar, Avinaash"]
[Result "0-1"]
[WhiteElo "1981"]
[BlackElo "2128"]
[PlyCount "106"]
[GameId "2160767909381343"]
[EventDate "2013.03.09"]
[EventType "swiss"]
[EventRounds "5"]
[EventCountry "CAN"]
[SourceTitle "EXT 2015"]
[Source "ChessBase"]
[SourceDate "2014.11.20"]
[SourceVersion "1"]
[SourceVersionDate "2014.11.20"]
[SourceQuality "1"]

1. Nf3 g6 2. d4 Bg7 3. c4 Nf6 4. Nc3 d5 5. e3 O-O 6. Bd3 b6 7. cxd5 Nxd5 8. Nxd5 Qxd5 9. Qc2 Qd7 10. Be4 c6 11. O-O Bb7 12. Rd1 Na6 13. Bd2 c5 14. Bc3 cxd4 15. Bxb7 Qxb7 16. Nxd4 Rac8 17. Qe2 Nc7 18. e4 Rfd8 19. Rac1 Bh6 20. Ra1 Ne8 21. Re1 Bg7 22. Rad1 Nd6 23. Kh1 Nc4 24. Rd3 b5 25. Nf3 Rxd3 26. Qxd3 Nxb2 27. Bxb2 Bxb2 28. Rb1 Rc1+ 29. Rxc1 Bxc1 30. Qd8+ Kg7 31. Qd4+ f6 32. e5 Kf7 33. Qc3 Bf4 34. exf6 exf6 35. Qb3+ Kg7 36. Nd4 Qe4 37. Qd1 Qd5 38. Kg1 Kh8 39. Qf3 Qxd4 40. Qa8+ Kg7 41. Qb7+ Kh6 42. g3 Be5 43. Qxb5 Qa1+ 44. Kg2 Qxa2 45. Qc5 Kg7 46. Qe7+ Qf7 47. Qc5 Qb7+ 48. Kh3 h5 49. Qe3 g5 50. f3 Qc7 51. Qf2 a5 52. Qa2 Qd7+ 53. Kg2 a4 0-1

[Event "Kitchener Winter op"]
[Site "Kitchener CAN"]
[Date "2013.03.10"]
[Round "4"]
[White "Cormier, Adam"]
[Black "Peredun, Andrew"]
[Result "1/2-1/2"]
[WhiteElo "2250"]
[BlackElo "2323"]
[PlyCount "72"]
[GameId "2160767909381344"]
[EventDate "2013.03.09"]
[EventType "swiss"]
[EventRounds "5"]
[EventCountry "CAN"]
[SourceTitle "EXT 2015"]
[Source "ChessBase"]
[SourceDate "2014.11.20"]
[SourceVersion "1"]
[SourceVersionDate "2014.11.20"]
[SourceQuality "1"]

1. d4 d5 2. c4 c6 3. Nf3 e6 4. g3 dxc4 5. Bg2 Nf6 6. Ne5 Be7 7. O-O O-O 8. Nxc4 b5 9. Ne5 Bb7 10. a4 a6 11. Na3 Qb6 12. e3 Nbd7 13. Nd3 c5 14. Bxb7 Qxb7 15. Qb3 Rfc8 16. dxc5 Ne4 17. axb5 axb5 18. Qd1 Ndxc5 19. Nxc5 Rxc5 20. f3 Nd6 21. e4 b4 22. Nc2 Rac8 23. Nd4 e5 24. Nb3 Rc2 25. Qd3 Qd7 26. Rd1 Qh3 27. Rd2 R2c7 28. Qf1 Qe6 29. Rd5 f5 30. Ra6 Qf7 31. Qd1 Rc2 32. Raxd6 Bxd6 33. Rxd6 Qxb3 34. Rd8+ Rxd8 35. Qxd8+ Kf7 36. Qd7+ Kf8 1/2-1/2

[Event "Kitchener Winter op"]
[Site "Kitchener CAN"]
[Date "2013.03.10"]
[Round "4"]
[White "Ferreira, Alex"]
[Black "Derraugh, Geordie"]
[Result "1/2-1/2"]
[WhiteElo "2178"]
[BlackElo "2245"]
[PlyCount "84"]
[GameId "2160767909381345"]
[EventDate "2013.03.09"]
[EventType "swiss"]
[EventRounds "5"]
[EventCountry "CAN"]
[SourceTitle "EXT 2015"]
[Source "ChessBase"]
[SourceDate "2014.11.20"]
[SourceVersion "1"]
[SourceVersionDate "2014.11.20"]
[SourceQuality "1"]

1. e4 c5 2. Nf3 d6 3. d4 cxd4 4. Nxd4 Nf6 5. Nc3 a6 6. a4 e5 7. Nf3 h6 8. Bc4 Be7 9. h3 Qc7 10. Qe2 O-O 11. O-O Be6 12. Bxe6 fxe6 13. Rd1 Nbd7 14. Nh2 Nc5 15. Ng4 Qc6 16. Nxf6+ Rxf6 17. b4 Nb3 18. cxb3 Qxc3 19. Bd2 Qxb3 20. Rdb1 Qc2 21. Rc1 Qb2 22. Rab1 Qd4 23. Be1 Raf8 24. a5 b5 25. Rc7 Bd8 26. Rc6 Rf4 27. Rd1 Qa7 28. Rcxd6 Bh4 29. Rd7 Bxf2+ 30. Bxf2 Qxf2+ 31. Qxf2 Rxf2 32. Ra7 R8f7 33. Rxf7 Rxf7 34. Rd6 Rf4 35. Rxa6 Rxe4 36. Rxe6 Kf7 37. Rb6 Rxb4 38. a6 e4 39. Kf2 Ra4 40. Rb7+ Kg6 41. a7 b4 42. Rxb4 Rxa7 1/2-1/2

[Event "Kitchener Winter op"]
[Site "Kitchener CAN"]
[Date "2013.03.10"]
[Round "4"]
[White "Knox, Christopher"]
[Black "Peng, Jackie"]
[Result "1-0"]
[WhiteElo "2287"]
[BlackElo "2205"]
[PlyCount "99"]
[GameId "2160767909381346"]
[EventDate "2013.03.09"]
[EventType "swiss"]
[EventRounds "5"]
[EventCountry "CAN"]
[SourceTitle "EXT 2015"]
[Source "ChessBase"]
[SourceDate "2014.11.20"]
[SourceVersion "1"]
[SourceVersionDate "2014.11.20"]
[SourceQuality "1"]

1. d4 Nf6 2. c4 d6 3. Nf3 Nbd7 4. Nc3 e5 5. g3 g6 6. Bg2 Bg7 7. O-O O-O 8. Re1 c6 9. e4 Re8 10. Rb1 exd4 11. Nxd4 Ne5 12. b3 Ned7 13. Bb2 Nc5 14. h3 Qc7 15. Qd2 Be6 16. Rbd1 Rad8 17. f4 Bc8 18. Qf2 Ne6 19. Nxe6 Bxe6 20. g4 Bc8 21. Qxa7 h5 22. g5 Nd7 23. Qf2 Qb6 24. Qxb6 Nxb6 25. Re2 d5 26. cxd5 cxd5 27. Red2 d4 28. Nb5 Rd7 29. e5 Bf8 30. Bxd4 Red8 31. Kh2 Nd5 32. Bxd5 Rxd5 33. Nc3 R5d7 34. Ne4 Be7 35. Bb6 Rxd2+ 36. Rxd2 Rxd2+ 37. Nxd2 Bf5 38. Kg3 Kf8 39. Bc7 Ke8 40. Bd6 Bxd6 41. exd6 Kd7 42. Nc4 b5 43. Ne5+ Kxd6 44. Nxf7+ Kc5 45. Nh6 Bb1 46. a3 Bc2 47. f5 Kd6 48. Kf4 Ke7 49. Ke5 Kf8 50. Kf6 1-0

[Event "Kitchener Winter op"]
[Site "Kitchener CAN"]
[Date "2013.03.10"]
[Round "4"]
[White "Olheiser, Gordon"]
[Black "Jung, Hans"]
[Result "1-0"]
[WhiteElo "2157"]
[BlackElo "2278"]
[PlyCount "55"]
[GameId "2160767909381347"]
[EventDate "2013.03.09"]
[EventType "swiss"]
[EventRounds "5"]
[EventCountry "CAN"]
[SourceTitle "EXT 2015"]
[Source "ChessBase"]
[SourceDate "2014.11.20"]
[SourceVersion "1"]
[SourceVersionDate "2014.11.20"]
[SourceQuality "1"]

1. c4 b6 2. Nc3 Bb7 3. e4 e6 4. Nge2 c5 5. g3 Nc6 6. Bg2 Be7 7. O-O h5 8. h3 Qc7 9. d3 O-O-O 10. a3 Bf6 11. Be3 Nge7 12. f4 Bxc3 13. Nxc3 f5 14. Nb5 Qb8 15. e5 d5 16. exd6 Rxd6 17. Nxd6+ Qxd6 18. b4 cxb4 19. axb4 Qxb4 20. Rb1 Qa5 21. Qb3 Rd8 22. c5 Nd5 23. cxb6 a6 24. Rfc1 Kb8 25. Rc5 Nxe3 26. Rxa5 Nxa5 27. Qc3 Nd5 28. Qxa5 1-0

[Event "Kitchener Winter op"]
[Site "Kitchener CAN"]
[Date "2013.03.10"]
[Round "5"]
[White "Cheng, Bindi"]
[Black "Olheiser, Gordon"]
[Result "1-0"]
[WhiteElo "2517"]
[BlackElo "2184"]
[PlyCount "57"]
[GameId "2160767909381351"]
[EventDate "2013.03.09"]
[EventType "swiss"]
[EventRounds "5"]
[EventCountry "CAN"]
[SourceTitle "EXT 2015"]
[Source "ChessBase"]
[SourceDate "2014.11.20"]
[SourceVersion "1"]
[SourceVersionDate "2014.11.20"]
[SourceQuality "1"]

1. Nf3 f5 2. d3 d6 3. g3 Nf6 4. Bg2 e5 5. O-O Be7 6. c4 Nc6 7. Nc3 O-O 8. Rb1 Qe8 9. Bg5 h6 10. Bxf6 Bxf6 11. Nd5 Bd8 12. Nd2 Qh5 13. e3 Qxd1 14. Rfxd1 Rb8 15. b4 Ne7 16. b5 Be6 17. Rdc1 g5 18. Rc3 Nxd5 19. Bxd5 Bxd5 20. cxd5 Rf7 21. Ra3 e4 22. dxe4 f4 23. exf4 gxf4 24. Kg2 c6 25. bxc6 Bb6 26. Nc4 fxg3 27. Rxg3+ Kh7 28. Rxb6 axb6 29. Nxd6 1-0

[Event "Kitchener Winter op"]
[Site "Kitchener CAN"]
[Date "2013.03.10"]
[Round "5"]
[White "Derraugh, Geordie"]
[Black "Cormier, Adam"]
[Result "0-1"]
[WhiteElo "2245"]
[BlackElo "2250"]
[PlyCount "80"]
[GameId "2160767909381352"]
[EventDate "2013.03.09"]
[EventType "swiss"]
[EventRounds "5"]
[EventCountry "CAN"]
[SourceTitle "EXT 2015"]
[Source "ChessBase"]
[SourceDate "2014.11.20"]
[SourceVersion "1"]
[SourceVersionDate "2014.11.20"]
[SourceQuality "1"]

1. e4 c5 2. Nc3 a6 3. f4 g6 4. g3 b5 5. Bg2 Bb7 6. d3 Bg7 7. Nf3 e6 8. O-O Ne7 9. Be3 Qc7 10. e5 Nf5 11. Bf2 d5 12. d4 cxd4 13. Nxd4 Nxd4 14. Bxd4 Nc6 15. Ne2 Nxd4 16. Nxd4 O-O 17. c3 Qb6 18. a3 Rac8 19. Qd3 Rc4 20. Bh3 Re8 21. Rae1 a5 22. b3 Rc5 23. b4 axb4 24. axb4 Rc4 25. Rf3 Rec8 26. Qd2 Kh8 27. Ra1 f6 28. Re1 f5 29. Ra1 g5 30. Bf1 Bf8 31. Rd3 Be7 32. Ra5 Bc5 33. Ra3 Be7 34. Kh1 gxf4 35. Qxf4 Rg8 36. Bg2 Bc6 37. Nxe6 d4 38. h3 Rxg3 39. Qxg3 Bxg2+ 40. Qxg2 Qxe6 0-1

[Event "Kitchener Winter op"]
[Site "Kitchener CAN"]
[Date "2013.03.10"]
[Round "5"]
[White "Jung, Hans"]
[Black "Demmery, Steve"]
[Result "1-0"]
[WhiteElo "2278"]
[BlackElo "2112"]
[PlyCount "77"]
[GameId "2160767909381353"]
[EventDate "2013.03.09"]
[EventType "swiss"]
[EventRounds "5"]
[EventCountry "CAN"]
[SourceTitle "EXT 2015"]
[Source "ChessBase"]
[SourceDate "2014.11.20"]
[SourceVersion "1"]
[SourceVersionDate "2014.11.20"]
[SourceQuality "1"]

1. Nc3 d5 2. e4 c6 3. Nf3 g6 4. d3 Bg7 5. Bf4 Bg4 6. h3 Bxf3 7. Qxf3 Qb6 8. Nd1 e5 9. Bd2 Ne7 10. Qg3 Nd7 11. Qh4 Bf6 12. Qg3 Bg7 13. Be3 d4 14. Bg5 f6 15. Bd2 O-O 16. h4 f5 17. h5 Rae8 18. hxg6 hxg6 19. exf5 gxf5 20. Bh6 Rf7 21. Be2 Nf6 22. Kf1 e4 23. Qh4 Ref8 24. Bg5 Ng6 25. Qh3 Qc5 26. Bh5 Nxh5 27. Qxh5 Rf6 28. Bxf6 Rxf6 29. dxe4 Nf4 30. Qf3 Qc4+ 31. Ke1 fxe4 32. Qb3 Nxg2+ 33. Kd2 Bh6+ 34. Rxh6 Qxb3 35. axb3 Rxh6 36. Rxa7 Rh7 37. Ra8+ Kg7 38. Rd8 c5 39. Rd5 1-0

[Event "Kitchener Winter op"]
[Site "Kitchener CAN"]
[Date "2013.03.10"]
[Round "5"]
[White "Song, Michael"]
[Black "Knox, Christopher"]
[Result "0-1"]
[WhiteElo "2368"]
[BlackElo "2310"]
[PlyCount "68"]
[GameId "2160767909381357"]
[EventDate "2013.03.09"]
[EventType "swiss"]
[EventRounds "5"]
[EventCountry "CAN"]
[SourceTitle "EXT 2015"]
[Source "ChessBase"]
[SourceDate "2014.11.20"]
[SourceVersion "1"]
[SourceVersionDate "2014.11.20"]
[SourceQuality "1"]

1. d4 Nf6 2. Nf3 e6 3. e3 c5 4. Bd3 b6 5. O-O Bb7 6. Nbd2 Be7 7. b3 O-O 8. Bb2 d6 9. e4 cxd4 10. Nxd4 Nbd7 11. f3 d5 12. e5 Nxe5 13. Nxe6 fxe6 14. Bxe5 Nd7 15. Bb2 Bf6 16. Bxf6 Qxf6 17. Kh1 Ne5 18. Be2 Qf4 19. Re1 Rf6 20. Nf1 d4 21. Qd2 Qh4 22. Bd1 Ng4 23. g3 Qh5 24. Qxd4 Bxf3+ 25. Bxf3 Rxf3 26. h4 Raf8 27. Kg1 Qf5 28. Qd6 e5 29. Qd5+ Kh8 30. Qd2 Nf2 31. Re2 Nh3+ 32. Kh2 Rxf1 33. g4 Qf3 34. Rxf1 Qxf1 0-1

[Event "Kitchener-Waterloo active 2013.01"]
[Site "Kitchener CAN"]
[Date "2013.01.22"]
[Round "5"]
[White "Sundar, Avinaash"]
[Black "Piccinin, Mario"]
[Result "0-1"]
[WhiteElo "2203"]
[BlackElo "1748"]
[PlyCount "30"]
[GameId "2160767909381945"]
[EventDate "2013.01.22"]
[EventType "swiss (rapid)"]
[EventRounds "5"]
[EventCountry "CAN"]

1. b3 e5 2. Bb2 Nc6 3. c4 Nf6 4. e3 d5 5. d4 Bb4+ 6. Nd2 exd4 7. exd4 Ne4 8. Ngf3 Bg4 9. Bc1 Nxd4 10. a3 Nc3 11. axb4 Nxd1 12. Kxd1 dxc4 13. Bxc4 Nxf3 14. gxf3 Bxf3+ 15. Kc2 Bxh1 0-1

[Event "Labour Day op"]
[Site "Kitchener CAN"]
[Date "2013.09.01"]
[Round "3"]
[White "Sambuev, Bator"]
[Black "Filipovich, David"]
[Result "1-0"]
[WhiteElo "2637"]
[BlackElo "2245"]
[PlyCount "79"]
[GameId "2160767909229667"]
[EventDate "2013.08.31"]
[EventType "swiss"]
[EventRounds "6"]
[EventCountry "CAN"]

1. d4 g6 2. g3 Bg7 3. Bg2 d6 4. e4 Nd7 5. Ne2 e5 6. O-O Ne7 7. Nbc3 O-O 8. Be3 exd4 9. Bxd4 Ne5 10. h3 a6 11. f4 c5 12. Bf2 N5c6 13. Qd2 Qc7 14. Rad1 Rd8 15. g4 f5 16. gxf5 gxf5 17. Nd5 Nxd5 18. exd5 Ne7 19. Ng3 Bd7 20. Nh5 Bh8 21. Bh4 Kf7 22. Bxe7 Kxe7 23. Rfe1+ Kf8 24. Re6 Be8 25. Ng3 Bg6 26. h4 Qf7 27. Qe2 h6 28. c3 Re8 29. h5 Bh7 30. Qf3 Rad8 31. Rxh6 Bf6 32. Bh3 Qg7 33. Rxh7 Qxh7 34. Bxf5 Qe7 35. Be6 Qh7 36. Kh1 Kg7 37. Ne4 Rf8 38. Rg1+ Kh8 39. Rg6 Be5 40. f5 1-0

[Event "Labour Day op"]
[Site "Kitchener CAN"]
[Date "2013.09.03"]
[Round "5"]
[White "Pace, Christopher"]
[Black "Jung, Hans"]
[Result "1-0"]
[WhiteElo "2126"]
[BlackElo "2292"]
[PlyCount "87"]
[GameId "2160767909229668"]
[EventDate "2013.08.31"]
[EventType "swiss"]
[EventRounds "6"]
[EventCountry "CAN"]

1. e4 d5 2. Nc3 d4 3. Nce2 e5 4. d3 Bd6 5. g3 g5 6. Bg2 c5 7. h3 h6 8. Nf3 Be6 9. Nd2 Nc6 10. Nc4 Bc7 11. a4 b6 12. h4 g4 13. h5 a6 14. Bd2 b5 15. axb5 axb5 16. Rxa8 Qxa8 17. Na3 Qa6 18. f4 gxf3 19. Bxf3 c4 20. O-O c3 21. Bc1 b4 22. Nc4 Bxc4 23. dxc4 Qxc4 24. bxc3 bxc3 25. Bg4 Rh7 26. Kh2 Rg7 27. Ng1 Rxg4 28. Qxg4 Qxf1 29. Qxg8+ Ke7 30. Bxh6 Qf2+ 31. Kh1 Qxc2 32. Bf8+ Kd7 33. Qg4+ Ke8 34. h6 Kxf8 35. h7 d3 36. h8=Q+ Ke7 37. Qg5+ Kd7 38. Qf5+ Kd6 39. Qf8+ Ne7 40. Qf6+ Kc5 41. Q8xe7+ Kd4 42. Qb4+ Ke3 43. Qg5+ Kf2 44. Qc5+ 1-0